[Event "DVM U10 2020"]
[Site "Magdeburg GER"]
[Date "2021.08.06"]
[Round "2"]
[White "Goldmann, David"]
[Black "Melestean, Maxim"]
[Result "1/2-1/2"]
[Termination "normal"]
[Board "1.1"]
[WhiteElo "1629"]
[BlackElo "1289"]
[WhiteClock "00:28:45"]
[BlackClock "00:17:48"]
[WhiteTeam "Hamburger SK von 1830 eV"]
[BlackTeam "Schachklub König Plauen"]
[PlyCount "148"]
[WhiteFideId "16268920"]
[BlackFideId "16280393"]
[EventCountry "GER"]
[EventRounds "7"]
[EventType "team-swiss"]
[EventDate "2021.08.06"]

1. e4 {[%clk 00:54:53]} {[%emt 00:00:16]} e5 {[%clk 00:55:05]} {[%emt
00:00:05]} 2. Nf3 {[%clk 00:54:53]} {[%emt 00:00:06]} Nf6 {[%clk 00:55:04]}
{[%emt 00:00:06]} 3. Nc3 {[%clk 00:54:39]} {[%emt 00:00:18]} Nc6 {[%clk
00:55:04]} {[%emt 00:00:05]} 4. Bb5 {[%clk 00:54:38]} {[%emt 00:00:05]} d6
{[%clk 00:54:42]} {[%emt 00:00:28]} 5. d4 {[%clk 00:53:42]} {[%emt 00:01:01]}
Bd7 {[%clk 00:53:58]} {[%emt 00:00:49]} 6. d5 {[%clk 00:53:29]} {[%emt
00:00:18]} Ne7 {[%clk 00:53:38]} {[%emt 00:00:25]} 7. Qe2 {[%clk 00:53:07]}
{[%emt 00:00:27]} Ng6 {[%clk 00:52:59]} {[%emt 00:00:45]} 8. Be3 {[%clk
00:52:43]} {[%emt 00:00:28]} a6 {[%clk 00:52:25]} {[%emt 00:00:39]} 9. Bxd7+
{[%clk 00:51:36]} {[%emt 00:01:12]} Qxd7 {[%clk 00:52:22]} {[%emt 00:00:08]}
10. Rd1 {[%clk 00:51:15]} {[%emt 00:00:26]} h6 {[%clk 00:51:40]} {[%emt
00:00:47]} 11. O-O {[%clk 00:50:52]} {[%emt 00:00:28]} Be7 {[%clk 00:51:37]}
{[%emt 00:00:08]} 12. Nd2 {[%clk 00:50:18]} {[%emt 00:00:38]} Ng4 {[%clk
00:50:10]} {[%emt 00:01:33]} 13. Nc4 {[%clk 00:50:06]} {[%emt 00:00:17]} Nxe3
{[%clk 00:48:16]} {[%emt 00:02:00]} 14. Nxe3 {[%clk 00:50:00]} {[%emt
00:00:10]} O-O {[%clk 00:46:40]} {[%emt 00:01:40]} 15. g3 {[%clk 00:49:40]}
{[%emt 00:00:26]} Bg5 {[%clk 00:44:30]} {[%emt 00:02:15]} 16. h4 {[%clk
00:48:42]} {[%emt 00:01:03]} Bxe3 {[%emt 00:02:46]} 17. Qxe3 {[%clk 00:48:25]}
{[%emt 00:00:20]} Qg4 {[%clk 00:41:02]} {[%emt 00:00:54]} 18. Kh2 {[%clk
00:47:40]} {[%emt 00:00:48]} Kh7 {[%clk 00:37:30]} {[%emt 00:03:39]} 19. Qe2
{[%clk 00:47:18]} {[%emt 00:00:28]} Qxe2 {[%clk 00:36:34]} {[%emt 00:01:00]}
20. Nxe2 {[%clk 00:47:18]} {[%emt 00:00:05]} f5 {[%clk 00:35:26]} {[%emt
00:01:13]} 21. h5 {[%clk 00:46:00]} {[%emt 00:01:23]} Ne7 {[%clk 00:35:12]}
{[%emt 00:00:20]} 22. f3 {[%clk 00:45:55]} {[%emt 00:00:09]} Rf7 {[%clk
00:35:09]} {[%emt 00:00:08]} 23. Rg1 {[%clk 00:44:57]} {[%emt 00:01:03]} fxe4
{[%clk 00:34:27]} {[%emt 00:00:47]} 24. fxe4 {[%clk 00:44:54]} {[%emt
00:00:08]} Rf2+ {[%clk 00:34:20]} {[%emt 00:00:12]} 25. Rg2 {[%clk 00:44:58]}
{[%emt 00:00:01]} Raf8 {[%clk 00:33:42]} {[%emt 00:00:42]} 26. Kg1 {[%clk
00:42:06]} {[%emt 00:02:58]} Rxg2+ {[%clk 00:33:23]} {[%emt 00:00:23]} 27. Kxg2
{[%clk 00:42:07]} {[%emt 00:00:04]} g5 {[%clk 00:33:11]} {[%emt 00:00:17]} 28.
g4 {[%clk 00:41:57]} {[%emt 00:00:16]} Kg7 {[%clk 00:31:54]} {[%emt 00:01:22]}
29. Rd3 {[%clk 00:41:31]} {[%emt 00:00:31]} Rf7 {[%clk 00:31:34]} {[%emt
00:00:26]} 30. c4 {[%clk 00:41:02]} {[%emt 00:00:33]} b6 {[%clk 00:31:09]}
{[%emt 00:00:30]} 31. b4 {[%clk 00:40:53]} {[%emt 00:00:14]} Rf8 {[%clk
00:30:26]} {[%emt 00:00:47]} 32. Rc3 {[%clk 00:40:21]} {[%emt 00:00:37]} Rc8
{[%clk 00:28:56]} {[%emt 00:01:34]} 33. Nc1 {[%clk 00:40:18]} {[%emt 00:00:10]}
Kf7 {[%clk 00:28:20]} {[%emt 00:00:40]} 34. Nb3 {[%clk 00:39:55]} {[%emt
00:00:28]} Ke8 {[%clk 00:26:36]} {[%emt 00:01:50]} 35. Rf3 {[%clk 00:39:50]}
{[%emt 00:00:10]} Ng8 {[%clk 00:26:26]} {[%emt 00:00:14]} 36. Rc3 {[%clk
00:39:28]} {[%emt 00:00:27]} Ke7 {[%clk 00:25:41]} {[%emt 00:00:51]} 37. c5
{[%clk 00:39:27]} {[%emt 00:00:06]} Kd7 {[%clk 00:25:19]} {[%emt 00:00:27]} 38.
a4 {[%clk 00:38:23]} {[%emt 00:01:08]} Nf6 {[%clk 00:24:18]} {[%emt 00:01:07]}
39. cxb6 {[%clk 00:37:31]} {[%emt 00:00:57]} cxb6 {[%clk 00:24:11]} {[%emt
00:00:12]} 40. Rxc8 {[%clk 00:37:11]} {[%emt 00:00:24]} Kxc8 {[%clk 00:22:31]}
{[%emt 00:01:45]} 41. Kf3 {[%clk 00:37:16]} Kc7 {[%clk 00:22:18]} {[%emt
00:00:19]} 42. Nc1 {[%clk 00:37:01]} {[%emt 00:00:20]} Kb7 {[%clk 00:22:12]}
{[%emt 00:00:12]} 43. Ne2 {[%clk 00:35:53]} {[%emt 00:01:12]} b5 {[%clk
00:20:32]} {[%emt 00:01:44]} 44. a5 {[%clk 00:35:13]} {[%emt 00:00:46]} Kc7
{[%clk 00:20:26]} {[%emt 00:00:11]} 45. Ng3 {[%clk 00:35:13]} {[%emt 00:00:05]}
Kd7 {[%clk 00:20:16]} {[%emt 00:00:16]} 46. Nf5 {[%clk 00:34:54]} {[%emt
00:00:23]} Ng8 {[%clk 00:20:18]} {[%emt 00:00:03]} 47. Ng7 {[%clk 00:34:38]}
{[%emt 00:00:21]} Nf6 {[%clk 00:19:56]} {[%emt 00:00:27]} 48. Ne6 {[%clk
00:34:29]} {[%emt 00:00:13]} Ng8 {[%clk 00:19:53]} {[%emt 00:00:08]} 49. Nf8+
{[%clk 00:34:06]} {[%emt 00:00:28]} Ke7 {[%clk 00:19:50]} {[%emt 00:00:09]} 50.
Ne6 {[%clk 00:34:04]} {[%emt 00:00:06]} Kd7 {[%clk 00:19:54]} {[%emt 00:00:01]}
51. Ng7 {[%clk 00:33:33]} {[%emt 00:00:35]} Ke7 {[%clk 00:19:51]} {[%emt
00:00:10]} 52. Ke3 {[%clk 00:33:30]} {[%emt 00:00:07]} Kd7 {[%clk 00:19:33]}
{[%emt 00:00:24]} 53. Nf5 {[%clk 00:33:29]} {[%emt 00:00:05]} Kc7 {[%clk
00:19:26]} {[%emt 00:00:13]} 54. Kf3 {[%clk 00:33:19]} {[%emt 00:00:15]} Kd7
{[%clk 00:19:27]} {[%emt 00:00:05]} 55. Ne3 {[%clk 00:33:22]} {[%emt 00:00:01]}
Nf6 {[%clk 00:19:02]} {[%emt 00:00:30]} 56. Nd1 {[%clk 00:33:20]} {[%emt
00:00:07]} Kc7 {[%clk 00:18:49]} {[%emt 00:00:17]} 57. Nc3 {[%clk 00:32:48]}
{[%emt 00:00:37]} Kb7 {[%clk 00:18:44]} {[%emt 00:00:10]} 58. Kg3 {[%clk
00:32:12]} {[%emt 00:00:42]} Kc7 {[%clk 00:18:38]} {[%emt 00:00:10]} 59. Kf3
{[%clk 00:32:10]} {[%emt 00:00:07]} Kb7 {[%clk 00:18:38]} {[%emt 00:00:06]} 60.
Ne2 {[%clk 00:32:09]} {[%emt 00:00:06]} Kc7 {[%clk 00:18:33]} {[%emt 00:00:10]}
61. Ng3 {[%clk 00:32:09]} {[%emt 00:00:04]} Kd7 {[%clk 00:18:17]} {[%emt
00:00:54]} 62. Nh1 {[%clk 00:31:33]} {[%emt 00:00:42]} Ke7 {[%clk 00:18:19]}
{[%emt 00:00:03]} 63. Nf2 {[%clk 00:31:28]} {[%emt 00:00:10]} Kd7 {[%clk
00:18:17]} {[%emt 00:00:08]} 64. Nd1 {[%emt 00:00:05]} Kc7 {[%clk 00:18:15]}
{[%emt 00:00:06]} 65. Nc3 {[%clk 00:30:54]} {[%emt 00:00:39]} Kd7 {[%clk
00:18:14]} {[%emt 00:00:07]} 66. Kg3 {[%clk 00:30:48]} {[%emt 00:00:11]} Kc7
{[%clk 00:18:11]} {[%emt 00:00:07]} 67. Kf3 {[%clk 00:30:49]} {[%emt 00:00:04]}
Kd7 {[%clk 00:18:13]} {[%emt 00:00:03]} 68. Ne2 {[%clk 00:30:42]} {[%emt
00:00:11]} Kc7 {[%clk 00:18:04]} {[%emt 00:00:14]} 69. Ng3 {[%clk 00:30:40]}
{[%emt 00:00:07]} Ng8 {[%clk 00:18:03]} {[%emt 00:00:06]} 70. Ke3 {[%clk
00:30:08]} {[%emt 00:00:37]} Nf6 {[%clk 00:17:48]} {[%emt 00:00:20]} 71. Nf5
{[%clk 00:28:45]} {[%emt 00:01:27]} Nxg4+ {[%emt 00:00:14]} 72. Kf3 {[%emt
00:00:02]} Nf6 73. Nxh6 Nxh5 {[%emt 00:00:08]} 74. Kg4 {[%emt 00:00:04]} Nf6+
{[%emt 00:00:01]} 1/2-1/2

[Event "DVM U10 2020"]
[Site "Magdeburg GER"]
[Date "2021.08.06"]
[Round "2"]
[White "da Costa Silva, Pepe"]
[Black "Lu, Yunong Elias"]
[Result "0-1"]
[Termination "normal"]
[Board "1.2"]
[WhiteElo "1105"]
[BlackElo "1557"]
[WhiteClock "00:21:50"]
[BlackClock "00:42:07"]
[WhiteTeam "Schachklub König Plauen"]
[BlackTeam "Hamburger SK von 1830 eV"]
[PlyCount "64"]
[WhiteFideId "16282000"]
[BlackFideId "16276426"]
[EventCountry "GER"]
[EventRounds "7"]
[EventType "team-swiss"]
[EventDate "2021.08.06"]

1. e4 {[%clk 00:55:09]} c6 {[%clk 00:54:58]} {[%emt 00:00:12]} 2. Nf3 {[%clk
00:54:38]} {[%emt 00:00:27]} d5 {[%clk 00:55:01]} {[%emt 00:00:12]} 3. exd5
{[%clk 00:54:23]} {[%emt 00:00:19]} cxd5 {[%clk 00:54:52]} {[%emt 00:00:13]} 4.
Nc3 {[%clk 00:53:54]} {[%emt 00:00:36]} Nf6 {[%clk 00:54:43]} {[%emt 00:00:13]}
5. d4 {[%clk 00:53:01]} {[%emt 00:00:59]} g6 {[%clk 00:54:33]} {[%emt
00:00:15]} 6. Bf4 {[%clk 00:52:28]} {[%emt 00:00:37]} Bg7 {[%clk 00:54:24]}
{[%emt 00:00:14]} 7. Qd2 {[%clk 00:52:21]} {[%emt 00:00:13]} a6 {[%clk
00:53:48]} {[%emt 00:00:41]} 8. O-O-O {[%clk 00:51:38]} {[%emt 00:00:47]} Nc6
{[%clk 00:53:13]} {[%emt 00:00:40]} 9. Bd3 {[%clk 00:50:41]} {[%emt 00:01:02]}
b5 {[%clk 00:52:14]} {[%emt 00:01:05]} 10. Rde1 {[%clk 00:49:56]} {[%emt
00:00:50]} O-O {[%clk 00:51:09]} {[%emt 00:01:07]} 11. h4 {[%clk 00:49:52]}
{[%emt 00:00:11]} Bg4 {[%clk 00:51:06]} {[%emt 00:00:09]} 12. Nh2 {[%clk
00:49:42]} {[%emt 00:00:14]} Nxd4 {[%clk 00:50:04]} {[%emt 00:01:08]} 13. Nxg4
{[%clk 00:47:32]} {[%emt 00:02:11]} Nxg4 {[%clk 00:49:49]} {[%emt 00:00:23]}
14. f3 {[%clk 00:47:25]} {[%emt 00:00:10]} Nf6 {[%clk 00:49:17]} {[%emt
00:00:39]} 15. Be5 {[%clk 00:46:13]} {[%emt 00:01:16]} Ne6 {[%clk 00:48:59]}
{[%emt 00:00:25]} 16. g4 {[%clk 00:44:37]} {[%emt 00:01:40]} d4 {[%clk
00:48:17]} {[%emt 00:00:48]} 17. Ne4 {[%clk 00:43:34]} {[%emt 00:01:07]} Qd5
{[%clk 00:47:46]} {[%emt 00:00:37]} 18. f4 {[%clk 00:37:53]} {[%emt 00:05:45]}
Qxa2 {[%clk 00:47:19]} {[%emt 00:00:32]} 19. Kd1 {[%clk 00:37:14]} {[%emt
00:00:43]} Nxg4 {[%clk 00:46:25]} {[%emt 00:00:59]} 20. Bxg7 {[%clk 00:36:10]}
{[%emt 00:01:10]} Nxg7 {[%clk 00:45:56]} {[%emt 00:00:34]} 21. Rhg1 {[%clk
00:35:12]} {[%emt 00:01:03]} Ne3+ {[%clk 00:45:25]} {[%emt 00:00:36]} 22. Ke2
{[%clk 00:32:56]} {[%emt 00:02:11]} Nh5 {[%clk 00:45:28]} {[%emt 00:00:13]} 23.
Kf3 {[%clk 00:30:51]} {[%emt 00:02:02]} Qe6 {[%clk 00:45:01]} {[%emt 00:00:40]}
24. Ng5 {[%clk 00:29:06]} {[%emt 00:01:46]} Qd6 {[%clk 00:44:29]} {[%emt
00:00:39]} 25. Ne4 {[%clk 00:28:47]} {[%emt 00:00:25]} Qxf4+ {[%clk 00:44:25]}
{[%emt 00:00:09]} 26. Ke2 {[%clk 00:28:34]} {[%emt 00:00:17]} Qh2+ {[%clk
00:43:35]} {[%emt 00:00:55]} 27. Kf3 {[%emt 00:01:56]} Qh3+ {[%emt 00:00:13]}
28. Kf2 {[%clk 00:26:34]} {[%emt 00:00:34]} Qxh4+ {[%clk 00:43:02]} {[%emt
00:00:37]} 29. Kf3 {[%clk 00:25:15]} {[%emt 00:01:12]} Qf4+ {[%clk 00:42:49]}
{[%emt 00:00:30]} 30. Ke2 {[%clk 00:24:49]} {[%emt 00:00:31]} f5 {[%clk
00:42:41]} {[%emt 00:00:14]} 31. Rgf1 {[%clk 00:23:32]} {[%emt 00:01:20]} Qg4+
{[%clk 00:42:07]} {[%emt 00:00:39]} 32. Kf2 {[%clk 00:21:50]} {[%emt 00:01:47]}
fxe4# {[%emt 00:00:47]} 0-1

[Event "DVM U10 2020"]
[Site "Magdeburg GER"]
[Date "2021.08.06"]
[Round "2"]
[White "Braun, Julian"]
[Black "Al-Hrishat, Alhasan"]
[Result "1-0"]
[Termination "normal"]
[Board "1.3"]
[WhiteElo "1436"]
[BlackElo "1123"]
[WhiteClock "00:37:20"]
[BlackClock "00:09:43"]
[WhiteTeam "Hamburger SK von 1830 eV"]
[BlackTeam "Schachklub König Plauen"]
[PlyCount "66"]
[WhiteFideId "16289293"]
[EventCountry "GER"]
[EventRounds "7"]
[EventType "team-swiss"]
[EventDate "2021.08.06"]

1. e4 {[%clk 00:55:09]} c5 {[%clk 00:54:56]} {[%emt 00:00:14]} 2. Nc3 {[%clk
00:55:10]} {[%emt 00:00:05]} Nc6 {[%clk 00:54:38]} {[%emt 00:00:22]} 3. Nf3
{[%clk 00:55:14]} {[%emt 00:00:02]} e6 {[%clk 00:54:01]} {[%emt 00:00:41]} 4.
d4 {[%clk 00:55:11]} {[%emt 00:00:08]} cxd4 {[%clk 00:52:46]} {[%emt 00:01:20]}
5. Nxd4 {[%clk 00:55:14]} {[%emt 00:00:02]} Bc5 {[%clk 00:51:00]} {[%emt
00:01:51]} 6. Be3 {[%clk 00:54:32]} {[%emt 00:00:48]} Nge7 {[%clk 00:50:30]}
{[%emt 00:00:35]} 7. Nxc6 {[%clk 00:54:21]} {[%emt 00:00:15]} bxc6 {[%clk
00:48:07]} {[%emt 00:02:29]} 8. Bxc5 {[%clk 00:54:15]} {[%emt 00:00:11]} Bb7
{[%clk 00:47:26]} {[%emt 00:00:45]} 9. Bxe7 {[%clk 00:51:36]} {[%emt 00:02:45]}
Qxe7 {[%clk 00:47:13]} {[%emt 00:00:17]} 10. Qg4 {[%clk 00:50:50]} {[%emt
00:00:51]} O-O {[%clk 00:45:19]} {[%emt 00:01:59]} 11. O-O-O {[%clk 00:50:13]}
{[%emt 00:00:42]} Rfe8 {[%clk 00:43:35]} {[%emt 00:01:50]} 12. e5 {[%clk
00:48:57]} {[%emt 00:01:21]} Rad8 {[%clk 00:41:22]} {[%emt 00:02:17]} 13. Ne4
{[%clk 00:48:28]} {[%emt 00:00:34]} f5 {[%clk 00:35:13]} {[%emt 00:06:14]} 14.
exf6 {[%clk 00:48:09]} {[%emt 00:00:23]} Qf7 {[%clk 00:31:18]} {[%emt
00:04:01]} 15. fxg7 {[%clk 00:48:06]} {[%emt 00:00:09]} Re7 {[%clk 00:30:17]}
{[%emt 00:01:05]} 16. Nd6 {[%clk 00:47:27]} {[%emt 00:00:44]} Qf6 {[%clk
00:26:51]} {[%emt 00:03:31]} 17. Nxb7 {[%clk 00:45:48]} {[%emt 00:01:44]} Rb8
{[%clk 00:25:51]} {[%emt 00:01:05]} 18. Bd3 {[%clk 00:44:47]} {[%emt 00:01:06]}
Rxg7 {[%clk 00:25:28]} {[%emt 00:00:28]} 19. Qb4 {[%clk 00:43:50]} {[%emt
00:01:02]} Qg5+ {[%clk 00:24:54]} {[%emt 00:00:40]} 20. Qd2 {[%clk 00:42:12]}
{[%emt 00:01:42]} Qxg2 {[%clk 00:23:50]} {[%emt 00:01:09]} 21. Nd6 {[%clk
00:41:40]} {[%emt 00:00:37]} Qd5 {[%clk 00:22:25]} {[%emt 00:01:30]} 22. Bc4
{[%clk 00:40:46]} {[%emt 00:01:00]} Qc5 {[%clk 00:19:21]} {[%emt 00:03:09]} 23.
Rhg1 {[%clk 00:39:37]} {[%emt 00:01:14]} Qe5 {[%clk 00:16:56]} {[%emt
00:02:30]} 24. Rxg7+ {[%clk 00:39:17]} {[%emt 00:00:25]} Qxg7 {[%clk 00:16:38]}
{[%emt 00:00:22]} 25. Qd4 {[%clk 00:38:38]} {[%emt 00:00:44]} Qg5+ {[%clk
00:15:28]} {[%emt 00:03:23]} 26. f4 {[%clk 00:38:32]} {[%emt 00:00:10]} Qg4
{[%clk 00:13:24]} {[%emt 00:02:08]} 27. Rg1 {[%clk 00:38:28]} {[%emt 00:00:09]}
Qg6 {[%clk 00:12:59]} {[%emt 00:00:30]} 28. Rxg6+ {[%clk 00:38:12]} {[%emt
00:00:21]} hxg6 {[%clk 00:12:41]} {[%emt 00:00:23]} 29. Qf6 {[%clk 00:38:04]}
{[%emt 00:00:12]} Kh7 {[%clk 00:11:52]} {[%emt 00:00:54]} 30. Bd3 {[%clk
00:37:46]} {[%emt 00:00:23]} Rg8 {[%clk 00:11:38]} {[%emt 00:00:19]} 31. Qf7+
{[%clk 00:37:21]} {[%emt 00:00:30]} Rg7 {[%clk 00:11:03]} {[%emt 00:00:40]} 32.
Bxg6+ {[%clk 00:37:20]} {[%emt 00:00:08]} Kh6 {[%clk 00:09:43]} {[%emt
00:01:24]} 33. Qf6 {[%emt 00:02:08]} Rxg6 {[%emt 00:00:02]} 1-0

[Event "DVM U10 2020"]
[Site "Magdeburg GER"]
[Date "2021.08.06"]
[Round "2"]
[White "Akladius, Antonius"]
[Black "Wartenberg, Alexander"]
[Result "1-0"]
[Board "1.4"]
[WhiteElo "991"]
[BlackElo "1424"]
[WhiteClock "00:45:23"]
[BlackClock "00:31:55"]
[WhiteTeam "Schachklub König Plauen"]
[BlackTeam "Hamburger SK von 1830 eV"]
[PlyCount "50"]
[WhiteFideId "16289153"]
[BlackFideId "16280768"]
[EventCountry "GER"]
[EventRounds "7"]
[EventType "team-swiss"]
[EventDate "2021.08.06"]

1. c4 {[%emt 00:00:04]} c6 {[%emt 00:00:08]} 2. Nc3 {[%clk 00:54:49]} {[%emt
00:00:05]} Nf6 {[%clk 00:54:55]} {[%emt 00:00:19]} 3. g3 {[%clk 00:54:38]}
{[%emt 00:00:09]} d5 {[%clk 00:52:34]} {[%emt 00:02:31]} 4. d3 {[%clk
00:54:24]} {[%emt 00:00:17]} e5 {[%clk 00:52:15]} {[%emt 00:00:27]} 5. cxd5
{[%clk 00:54:08]} {[%emt 00:00:15]} cxd5 {[%clk 00:52:15]} {[%emt 00:00:11]} 6.
Bg2 {[%clk 00:53:29]} {[%emt 00:00:32]} Nc6 {[%clk 00:51:51]} {[%emt 00:00:53]}
7. e4 {[%clk 00:52:54]} {[%emt 00:00:31]} d4 {[%clk 00:51:21]} {[%emt
00:00:43]} 8. Nd5 {[%clk 00:52:32]} {[%emt 00:00:21]} Nxd5 {[%clk 00:48:42]}
{[%emt 00:02:50]} 9. exd5 {[%clk 00:52:26]} {[%emt 00:00:06]} Bb4+ {[%clk
00:48:21]} {[%emt 00:00:30]} 10. Bd2 {[%clk 00:52:14]} {[%emt 00:00:14]} Bxd2+
{[%clk 00:47:02]} {[%emt 00:01:26]} 11. Qxd2 {[%clk 00:52:00]} {[%emt
00:00:17]} Ne7 {[%clk 00:46:25]} {[%emt 00:00:47]} 12. Qg5 {[%clk 00:51:39]}
{[%emt 00:00:17]} O-O {[%clk 00:44:31]} {[%emt 00:02:07]} 13. Qxe5 {[%clk
00:51:24]} {[%emt 00:00:13]} Re8 {[%clk 00:43:14]} {[%emt 00:01:29]} 14. Ne2
{[%clk 00:51:09]} {[%emt 00:00:16]} Bg4 {[%clk 00:38:55]} {[%emt 00:04:28]} 15.
O-O {[%clk 00:50:46]} {[%emt 00:00:24]} Ng6 {[%clk 00:38:35]} {[%emt 00:00:29]}
16. Qxd4 {[%clk 00:49:31]} {[%emt 00:01:11]} Bxe2 {[%clk 00:38:35]} {[%emt
00:00:14]} 17. Rfe1 {[%clk 00:49:02]} {[%emt 00:00:23]} Qb6 {[%clk 00:37:11]}
{[%emt 00:01:40]} 18. Qc3 {[%clk 00:48:28]} {[%emt 00:00:32]} Bg4 {[%clk
00:35:03]} {[%emt 00:02:19]} 19. Rxe8+ {[%clk 00:47:58]} {[%emt 00:00:28]} Rxe8
{[%clk 00:35:05]} {[%emt 00:00:11]} 20. Re1 {[%clk 00:47:37]} {[%emt 00:00:20]}
Rxe1+ {[%clk 00:33:43]} {[%emt 00:01:33]} 21. Qxe1 {[%clk 00:47:28]} {[%emt
00:00:10]} Qxb2 {[%clk 00:32:06]} {[%emt 00:01:46]} 22. Qe8+ {[%clk 00:47:04]}
{[%emt 00:00:09]} Nf8 {[%clk 00:32:11]} 23. d6 {[%clk 00:46:16]} {[%emt
00:01:08]} Qc1+ {[%clk 00:31:54]} {[%emt 00:00:27]} 24. Bf1 {[%clk 00:46:02]}
{[%emt 00:00:09]} Bh3 {[%clk 00:31:55]} {[%emt 00:00:13]} 25. f3 {[%clk
00:45:23]} {[%emt 00:00:28]} Qxf1# {[%clk 00:31:55]} 0-1